000 00606nam a2200205 u 4500
005 20240229063545.0
008 100817s2007 ag r 000 0 spa d
020 _a9789870408086
035 _aUPN01000177393
049 _aI
050 4 _aPZ74.9
_bS2.26
100 1 _aSabia, Juan
245 1 3 _aEl anotador /
_cJuan Sabia ; il. O'Kif-MG.
260 _aBuenos Aires :
_bAlfaguara,
_c2007.
300 _a90 p. :
_bil.
440 0 _aAlfaguara infantil.
_pDesde 8 aƱos
650 4 _aLiteratura infantil argentina
_97511
650 4 _aANIMALES DOMESTICOS -
_vLITERATURA INFANTIL
_91347
905 _aInfantil
999 _c149496
_d149496